000 01000nam a22002295i 4500
001 54638
003 ES-MaACL
005 20250815062602.0
007 t|
008 960724s1876 sp ||||1| spa d
080 _a94(100)
100 1 _aFuentes, Anselmo.
_952890
245 1 0 _aCuarenta siglos :
_bhistoria útil a la generación presente /
_cpor Don Anselmo Fuentes.
260 _aMadrid :
_bA. de Carlos e Hijo, editores,
_c1876 (
_fImp., estereotipia y galvanoplastia de Aribau y Cª)
300 _a234 p. ;
_c21 cm.
505 8 _aContiene: El Génesis y las ciencias ; Abraham y la vida patriarcal ; Pericles y la sociedad de Atenas ; Octavio Augusto y el mundo romano ; Carlos V ante Europa ; Siglo de Luis XIV ; Mirabeau y la Revolución
530 _aDisponible en formato digital.
650 7 _aHistoria universal
_2embne
_913429
852 4 _aES-MaACL
_jD-1714
856 4 _uhttp://bdh-rd.bne.es/viewer.vm?id=0000201247&page=1
_zBiblioteca Digital Hispánica
999 _c54638
_d54638